000 00738nas a2200229 4500
001 BR9501922
003 BR-BrBNA
005 20231205093945.0
007 ta
008 230509b bl.|||p| |||| 00| 00por d
040 _aBR-BrBNA
_bpor
_cBiblioteca Nacional de Agricultura
041 _a(Pt)
072 _aL52
100 1 _aD'Incao, F.
245 1 _aEstudo sobre o crescimento de Penaeus (Farfantepenaeus)paulensis Perez - Farfante, 1967 da Lagoa dos Patos, RS, Brasil (Decapoda, Penaeidae)
650 _aCamarao Rosa
650 _aCrescimento
650 _aRio Grande Do Sul
773 0 _tAtlantica (Brazil)
_xISSN 0102-1656
_g(1984), v. 7 p. 73-84
_wBR9501922
909 _a202311
_bLúcia
_c55
_dLúcia Elande
942 _2AGRIS
_n0
_cANA
999 _c141297
_d141297